Musica Dura

-д хадгалсан:
Номзүйн дэлгэрэнгүй
Үндсэн зохиолч: Michael Cinnelly
Формат: Ном
Хэл сонгох:Тодорхойгүй
Хэвлэсэн: Michael Pietsch
Шошгууд: Шошго нэмэх
Шошго байхгүй, Энэхүү баримтыг шошголох эхний хүн болох!

MARC

LEADER 00000nam a2200000Ia 4500
001 R-428
003 CODICE-MESSINA
005 20260212102451.0
008 260211s9999 xx 000 0 und d
040 |c importazione_messina 
100 |a Michael Cinnelly 
245 0 |a Musica Dura 
260 |b Michael Pietsch 
942 |2 ddc  |c BK 
952 |0 0  |1 0  |2 ddc  |4 0  |6 SCAFFALE_2_000000000000000__ROMANZI  |7 0  |9 31248  |a ME  |b ME  |d 2026-02-11  |l 0  |o SCAFFALE 2 - ROMANZI  |p R-428  |r 2026-02-11 23:52:25  |w 2026-02-11  |x [REVISIONARE]  |y BK 
999 |c 26912  |d 26912